Finland sources of information : A selective list of publications (Record no. 14217)
[ view plain ]
| 000 -LEADER | |
|---|---|
| fixed length control field | 00315nam a2200109Ia 4500 |
| 082 ## - DEWEY DECIMAL CLASSIFICATION NUMBER | |
| Classification number | RR 016.3309471 FIN |
| 245 #0 - TITLE STATEMENT | |
| Title | Finland sources of information : A selective list of publications |
| 260 ## - PUBLICATION, DISTRIBUTION, ETC. (IMPRINT) | |
| Name of publisher | Helsinki School of Economics Library |
| 300 ## - PHYSICAL DESCRIPTION | |
| Number of Pages | 224p.; 193p. |
| 500 ## - GENERAL NOTE | |
| General note | 1960-1977; 1978-1986 |
| 942 ## - ADDED ENTRY ELEMENTS (KOHA) | |
| Koha item type | Books |
| Source of classification or shelving scheme | Dewey Decimal Classification |
| Withdrawn status | Lost status | Damaged status | Not for loan | Home library | Current library | Date acquired | Bill Date | Full call number | Accession Number | Price effective from | Koha item type |
|---|---|---|---|---|---|---|---|---|---|---|---|
| NASSDOC Library | NASSDOC Library | 08/10/2004 | 2004-10-22 | RR 016.3309471 FIN | 26830 | 18/04/2019 | Books | ||||
| NASSDOC Library | NASSDOC Library | 08/10/2004 | 2004-10-22 | RR 016.3309471 FIN | 29953 | 18/04/2019 | Books |
